Juventud entre montantes y faros : (Record no. 28965)
[ view plain ]
| 000 -CABECERA | |
|---|---|
| campo de control de longitud fija | 00630nam a2200181 a 4500 |
| 001 - NÚMERO DE CONTROL | |
| campo de control | 000029473 |
| 005 - FECHA Y HORA DE LA ÚLTIMA TRANSACCIÓN | |
| campo de control | 20200930055557.0 |
| 008 - DATOS DE LONGITUD FIJA--INFORMACIÓN GENERAL | |
| campo de control de longitud fija | 110415s2008 dr a 000 0 spa d |
| 040 ## - FUENTE DE LA CATALOGACIÓN | |
| Centro catalogador/agencia de origen | DO-SdBNP |
| Lengua de catalogación | spa |
| Centro/agencia transcriptor | BNPHU |
| 082 ## - NÚMERO DE LA CLASIFICACIÓN DECIMAL DEWEY | |
| Número de clasificación | xxx |
| Número de documento/Ítem | M475j |
| 049 ## - FONDOS LOCALES (OCLC) | |
| Fondos de biblioteca | BNPD |
| 100 1# - ENTRADA PRINCIPAL--NOMBRE DE PERSONA | |
| Nombre de persona | Maza Miquel, Manuel Pablo |
| 9 (RLIN) | 52777 |
| 245 10 - MENCIÓN DE TÍTULO | |
| Título | Juventud entre montantes y faros : |
| Resto del título | ejercicios para aprender a orientarse por las estrellas, porque para el viaje de la vida, no hay mapas. |
| 260 ## - PUBLICACIÓN, DISTRIBUCIÓN, ETC. | |
| Lugar de publicación, distribución, etc. | Santo Domingo. : |
| Nombre del editor, distribuidor, etc. | Publicaciones de la Comunidad de Vida Cristiana |
| Lugar de publicación, distribución, etc. | 2008. |
| 300 ## - DESCRIPCIÓN FÍSICA | |
| Extensión | 60 p. : |
| Otras características físicas | il. |
| Extensión | 23 cm. |
| 490 1# - MENCIÓN DE SERIE | |
| Mención de serie | Apuntes |
| 830 #0 - PUNTO DE ACCESO ADICIONAL DE SERIE-TÍTULO UNIFORME | |
| Título uniforme | Apuntes |
| 9 (RLIN) | 56347 |
| Estado de retiro | Estado de pérdida | No para préstamo | Código de colección | Localización permanente | Ubicación/localización actual | Ubicación en estantería | Fecha de adquisición | Número de inventario | Total de préstamos | Signatura topográfica completa | Código de barras | Fecha visto por última vez | Precio válido a partir de | Tipo de ítem Koha | Número de copia |
|---|---|---|---|---|---|---|---|---|---|---|---|---|---|---|---|
| Excluido de préstamo | Patrimonio Dominicano | Patrimonio Dominicano | Patrimonio Dominicano | En catalogación | 15.04.2011 | LF1 | xxx M475j | 29473-10 | 25.06.2020 | 25.06.2020 | Libro y Folleto Colección Patrimonio Dominicano | ||||
| Excluido de préstamo | Patrimonio Dominicano | Patrimonio Dominicano | Patrimonio Dominicano | En catalogación | 15.04.2011 | LF1 | xxx M475j | 29473-20 | 25.06.2020 | 25.06.2020 | Libro y Folleto Colección Patrimonio Dominicano | e. 2 |
